000 01806cam a2200493 a 4500
001 20720
003 VRT
005 20260130142003.0
008 240226s1999 xo gra 000 f slo
015 _aSNBA1999/08-03043
020 _a9788022009379
_q(viazané)
035 _aSNK000314233
035 _aurn:nbn:sk:snk-amkja5
035 _aurn:nbn:sk:snk-am008hu3
035 _a632D9EA2-3E64-4741-A58C-EA65C993ADC3
039 9 _a202406290813
_bcsnk01
_c202402261742
_dVLOAD
_c202208111310
_dmsvkbb03
_c202205120801
_dVLOAD
040 _aSNK
_bslo
_cSNK
_eAACR2
041 1 _aslo
_heng
044 _axo
_cSK
072 7 _a821.111-3
_xAnglická próza, anglicky písaná
_2konspekt
080 _a821.111-31
_22011
100 1 _aFrancis, Dick,
_d1920-2010
_4aut
240 1 0 _aProof
_lSlovensky
245 1 0 _aDôkaz
_cDick Francis ; z anglického originálu Proof ... preložil Dušan Janák
250 _a1. vyd.
260 _aBratislava
_bSlovenský spisovateľ
_c1999
300 _a222 s.
_c21 cm
490 1 _aZelená knižnica
655 7 _aanglické romány
_2SNKPH
655 7 _adetektívne romány
_2SNKPH
655 7 _aEnglish fiction
_2SNKPHeng
655 7 _aDetective novels
_2SNKPHeng
700 1 _aJanák, Dušan,
_d1940-
_4trl
830 0 _aZelená knižnica
942 _2ddc
_cKLDO
_n0
949 _62889749955
_asavukPV 1582
949 _6273K0104134
_asvkpoA 174492
_bsvkpo434399
949 _6270001000609909
_asvkbbA 98940-a
_bsvkbbm 800916
949 _6270001000011196
_asvkbbA 98940
_bsvkbbm 624394
_p624.394
949 _617A0191149
_9P60, <03>, [BOOK], {603}
_asnkSC 98416
_bsnkKSP 4338/99
_s6100:20140925
949 _617A0191988
_9P60, <05>, [BOOK], {605}
_asnkSC 98416 D1
_bsnkKSP 4911/99
999 _c20720
_d20720